| 000 | 00596nam a22001817a 4500 | ||
|---|---|---|---|
| 999 |
_c186841 _d186841 |
||
| 005 | 20220321130636.0 | ||
| 010 | _aENG-132039 | ||
| 020 |
_a9789383051540 _c150.00 |
||
| 035 | _aEN-115571 | ||
| 037 | _bDBAD | ||
| 082 | _a485 | ||
| 100 | _aRaghavan, Shrinivasan S. | ||
| 245 |
_aFunctional English Grammar/ _cShrinivasan S. Raghavan |
||
| 260 |
_aChennai _bUnique Media Integrators _c2015 |
||
| 270 |
_aNo. 8, 6th Cross, 8th Main Road, Vaishanavi Nagar, Thirmullaivoyal _bChennai _e600109 _mumi.infobooks@gmail.com |
||
| 300 |
_a224p _c21cm(pbk) |
||
| 942 |
_2ddc _cEN _h485 _mRAG |
||